NHL Hockey General Knowledge - Statistics

General Stats
  • This quiz has been taken 33,998 times
    12,451 since last reset
  • The average score is 13 of 20
Answer Stats
Hint Answer % Correct
Team from Seattle that joined the league in 2021 Seattle Kraken
96%
Nickname of Wayne Gretzky The Great One
85%
Highest scoring Russian player in league history Alex Ovechkin
82%
Edmonton Oilers player who scored 64 goals in the 2022–23 season Connor McDavid
82%
In 2007, he led the league in points, becoming the only teenager to ever do so Sidney Crosby
77%
Inventor of the ice-resurfacing machine Frank Zamboni
76%
The opposite of a power play goal {Short}-{hand}ed goal
75%
Original name of the Anaheim Ducks The Mighty Ducks
74%
Aquatic animal that sometimes gets thrown onto the ice at Red Wings games Octopus
72%
City where did Nordiques played from 1979–1995 Quebec City
72%
City that rioted after losing the 2011 Stanley Cup finals Vancouver
70%
For a Gordie Howe hat trick, a player needs a goal, an assist, and ... Fight
69%
Name of the NHL's MVP trophy {Hart} Trophy
67%
In 1990, he was the youngest player in the NHL. In 2017, he was the oldest. Jaromír Jágr
49%
Goalie who has the most career wins, losses, and shutouts Martin Brodeur
49%
Former Tampa Bay Lightning star who shares his name with a major American city Martin St. Louis
47%
Beer company that used to own the Montreal Canadiens franchise Molson
43%
"Hockey Night in Canada" host nicknamed "Grapes" Don Cherry
37%
Enforcer who was voted into the All-Star game as a joke in 2016 but scored two goals and was named MVP John Scott
30%
Coach who led the Canadiens, Penguins, and Red Wings to Stanley Cup titles Scotty Bowman
29%
No matching quizzes found
Score Distribution
Percent of People with Each Score
Percentile by Number Answered
Your Score History
You have not taken this quiz since the last reset